000 00495pab a2200157 454500
008 180718b2004 xxu||||| |||| 00| 0 eng d
100 _aHadiz, Vedi R.
245 _aThe rise of neo-third worldism? The Indonesian trajectory and the consolidation of illiberal democracy
260 _c2004
300 _ap.55-71.
650 _aInternational relations
650 _aIndonesia - Politics and government
650 _aPolitics and government
773 _aThird World Quarterly
909 _a60308
999 _c60308
_d60308